Liége et Bourgogne

Salvato in:
Dettagli Bibliografici
Ente Autore: Université et Liège (Autore)
Natura: Libro
Lingua:francese
Pubblicazione: Lieja Universitè et Liége 1968
Soggetti:
Tags: Aggiungi Tag
Nessun Tag, puoi essere il primo ad aggiungerne!!

MARC

LEADER 00000nam a2200000 a 4500
001 UCO0851
003 CL-VaPUC
005 20210812160141.0
008 000428e19680000be 1 fre d
082 0 4 |a 944.027  |b UNI  |2 21 
110 2 |a Université et Liège  |e author  |9 619721 
245 1 0 |a Liége et Bourgogne 
260 |a Lieja  |b Universitè et Liége  |c 1968 
300 |a 258 p 
583 |a last modification  |c 20160817 11:34:40  |k Rodrigo Vera 
600 1 7 |a CARLOS EL TEMERARIO  |2 CL-VaPUC  |9 514885 
650 0 0 |a Historia de Francia  |y Siglo 15  |9 349630 
650 0 0 |a Guerras  |9 255273 
651 7 |a LIEJA  |2 CL-VaPUC  |9 619722 
651 7 |a BORGOÑA  |2 CL-VaPUC  |9 619723 
651 7 |a BELGICA  |2 CL-VaPUC  |9 315122 
942 |c BK 
945 |a rherrera  |d 20000428 00:00:00 
546 |a En Francés 
536 |a Univerisité et Liège 
518 |p Actes du du colloque tenu à Liège, Liége, les 28-29 et 30 Octobre 1968 
999 |c 383542  |d 383540 
952 |0 0  |1 0  |4 0  |6 944_027000000000000_UNI_1968  |7 0  |8 A  |9 505690  |a BIBHIS  |b BIBHIS  |d 2020-01-23  |i 1267116  |o 944.027 UNI 1968  |p 1267116  |r 2025-01-20  |w 2020-01-23  |y BK  |k HIS